Consilium pietatis, de non sequendis errantibus, sed corrigentibus, juxta retractationes ... / (Record no. 102819)
[ view plain ]
| 000 -LEADER | |
|---|---|
| campo de control de longitud fija | 00801nam a22001935i 4500 |
| 001 - NÚMERO DE CONTROL | |
| campo de control | 102819 |
| 003 - IDENTIFICADOR DE NÚMERO DE CONTROL | |
| campo de control | ES-MaACL |
| 005 - FECHA Y HORA DE LA ÚLTIMA TRANSACCIÓN | |
| campo de control | 20240217140319.0 |
| 007 - CAMPO FIJO DE DESCRIPCIÓN FÍSICA--INFORMACIÓN GENERAL | |
| campo de control de longitud fija | t| |
| 008 - DATOS DE LONGITUD FIJA--INFORMACIÓN GENERAL | |
| campo de control de longitud fija | 051213s1720 it a ||||1| lat d |
| 040 ## - FUENTE DE CATALOGACIÓN | |
| Centro catalogador/agencia de origen | CYL |
| Lengua de catalogación | spa |
| Centro/agencia transcriptor | CYL |
| 100 1# - ENTRADA PRINCIPAL--NOMBRE DE PERSONA | |
| Nombre de persona | Desirant, Bernard. |
| 9 (RLIN) | 43880 |
| 245 10 - MENCIÓN DEL TÍTULO | |
| Título | Consilium pietatis, de non sequendis errantibus, sed corrigentibus, juxta retractationes ... / |
| Mención de responsabilidad, etc. | per P.M.F. Bernardum Desirant Ord. Erem. S.P. Augustini ... |
| 260 ## - PUBLICACIÓN, DISTRIBUCIÓN, ETC. | |
| Lugar de publicación, distribución, etc. | Romae : |
| Nombre del editor, distribuidor, etc. | Jo. Mariam Salvioni, |
| Fecha de publicación, distribución, etc. | 1720. |
| 300 ## - DESCRIPCIÓN FÍSICA | |
| Extensión | 3 t. en 1 vol. : |
| Otras características físicas | il. ; |
| Dimensiones | 23 cm. |
| 852 ## - LOCALIZACIÓN | |
| Ubicación | ES-MaACL |
| Número de control de estantería | R-3367 |
| itemnumber | 106662 |
| Signatura antigua | Olim: D-564 |
| Nota libre | Cotejado con la relación de obras recuperadas expediente de Robo |
| -- | Cambio de signatura. Datos tomados del fichero topográfico R |
| 942 ## - ELEMENTOS DE ENTRADA SECUNDARIOS (KOHA) | |
| Fuente del sistema de clasificación o colocación | Clasificación decimal universal |
| Estatus retirado | Estado de pérdida | Estado de daño | No para préstamo | Colección | Biblioteca de origen | Biblioteca actual | Ubicación en estantería | Fecha de adquisición | Fuente de adquisición | Total de préstamos | Signatura topográfica completa | Código de barras | Visto por última vez | Precio de reemplazo | Tipo de ítem Koha |
|---|---|---|---|---|---|---|---|---|---|---|---|---|---|---|---|
| Libros del s. XVIII | Biblioteca del Ateneo de Madrid | Biblioteca del Ateneo de Madrid | Depósito | 17/01/2008 | R-3367 | 1107330 | 23/02/2023 | 23/02/2023 | Libro impreso antiguo |
